000 00464nam a22001457a 4500
082 _aP-411B
100 _aHussam Uddin
_948050
245 _aEvaluation of low cost traffic management technique used to reduce conflict points and congestion at signalized intersections in Islamabad
_cHussam Uddin, Zeeshan Younas
260 _aMCE
300 _a105 p.
526 _a0
_b0
_c0
_dP_411B
650 _aMCE
_9379
700 _aDr Kamran Ahmed
_916277
942 _2ddc
_cBK
999 _c551091
_d551091